000 00419 a2200169 4500
001 185096
020 _a85-322-0428-7
040 _cMagnum
100 _aRabelo, Gabriela
240 1 0 _aUma história pelo avesso e outras histórias...
_lpor
245 1 0 _aUma história pelo avesso e outras histórias...
300 _a78
362 0 _a1994
440 1 _aFTD
697 _aLITERATURA INFANTO-JUVENIL
942 _cBK
999 _c185096
_d185096